Kadiaľ vedie cesta Dobrá zvesť z divadelnej Plzne

Bibliographic Details
Main Author: Palkovič, Pavol, 1930-2009 (Author)
Format: Article
Language:Slovak
Subjects:

MARC

LEADER 00000nab a2200000 a 4500
001 vtls000536186
003 SK-MaSNL
005 20260304100055.0
008 250425c1994 xo 0 slo
015 |a SNBRB19rr/mm-uuuuu 
035 |a CL0536324 
035 |a urn:nbn:sk:snk-abalbl 
035 |a (urnnbn)urn:nbn:sk:snk:ar-0082r6 
035 |a (uuid)f6dae580-be64-4927-8ff9-5017db4af192 
040 |a SNKBUCL  |b slo  |c SNKBUCL  |e AACR2 
041 0 |a slo 
044 |a xo  |c SK 
080 |a 792.091.4:792.2  |2 1981 
080 |a 792.2  |2 1981 
100 1 |a Palkovič, Pavol,  |d 1930-2009  |4 aut  |9 106078 
245 1 0 |a Kadiaľ vedie cesta  |b Dobrá zvesť z divadelnej Plzne  |c Pavol Palkovič 
300 |b Fotogr. 1 
611 2 7 |a Divadlo  |d (1994 :  |c Plzeň, Česko)  |2 snkbucl  |9 1230349 
655 7 |a články z novín a časopisov  |2 snkbucl  |9 267496 
773 0 |t Literárny týždenník  |g Roč. 7, č. 49 (1994), s. 14-15  |x 0862-5999 
850 |a Slovenská národná knižnica 
852 |a Slovenská národná knižnica 
954 |a odborná, vedecká literatúra pôvodná (slovenská)  |2 lita 
958 |a article14 
958 |a OND 
958 |a RK 
958 |a CZ 
958 |a EUIPO 
999 |c 2835821  |d 2837751